000 02777nam0a2200337 4500
001 RU\NLR\BIBL_A\022711108
005 20260402164652.0
010 _a978-5-7028-0821-5
_9100
021 _aRU
_bКН-П-25-074380
_9КН-П-25-7214
035 _a(NLR Aleph) 022711108
090 _a13649939
_c13649939
100 _a20260129d2025 k y0rusy50 ca
101 0 _arus
102 _aRU
105 _aa j 000zy
181 0 _ai3
_baxxe
182 0 _an
200 1 _aПрикладная физическая культура. Лыжный спорт
_eучебное пособие для студентов технических вузов
_eпо направлениям подготовки: 09.00.00 "Информатика и вычислительная техника", 09.03.03 "Прикладная информатика", 15.00.00 "Машиностроение", 27.00.00 "Управление в технических системах", 38.00.00 "Экономика и управление", 12.03.01 "Приборостроение", 20.03.01 "Техносферная безопасность", 22.03.01 "Материаловедение и технология материалов", 15.05.01 "Проектирование технологических машин и комплексов"
_fС. В. Шевцова, Г. Л. Волкова, В. А. Волков
_gМинистерство науки и высшего образования Российской Федерации, Федеральное государственное бюджетное образовательное учреждение высшего образования "Московский государственный технологический университет "СТАНКИН"
203 _aТекст
_bвизуальный
_cнепосредственный
210 _aМосква
_cФГБОУ ВО "МГТУ "СТАНКИН"
_d2025
215 _a116 с.
_cил.
_d21
320 _aБиблиогр.: с. 111-112 (12 назв.)
606 1 _aЛыжный спорт
_jУчебные издания для высших учебных заведений
_91150500
_3RU\NLR\AUTH\66140925
686 1 _aЧ517.195я73
700 1 _aШевцова
_bС. В.
_gСветлана Валерьевна
701 1 _aВолкова
_bГ. Л.
_cканд. экон. наук, физ. воспитание
_gГалина Львовна
_9257270
_3RU\NLR\AUTH\770257326
701 1 _aВолков
_bВ. А.
_cканд. экон. наук, специалист в обл. физ. воспитания
_gВладимир Андреевич
_9197219
_3RU\NLR\AUTH\770197270
942 _cBOOK
980 _aNB